| 000 | 00599nas a2200217 i 4500 | ||
|---|---|---|---|
| 001 | 307 | ||
| 003 | ES-MaACL | ||
| 005 | 20250812062547.0 | ||
| 008 | 950801d19021920fr m| | 1 ||re d | ||
| 022 | _a9934-5315 | ||
| 080 | _a7 | ||
| 245 | 0 | 4 |
_aLes Arts _b: revue mensuelle des musées, collections, expositions. |
| 260 |
_aParis : _bGoupil, _c1902-1920. |
||
| 300 |
_a13 v. : _bgrab ; _c35 cm. |
||
| 310 | _aMensual | ||
| 362 | _a1902 (t. I)-1920 (t. XVI) | ||
| 650 | 1 | 7 |
_aArte _2embne _910068 |
| 852 |
_aES-MaACL _jHEM-H-315 _xOlim: Hem-565 |
||
| 866 | 0 | _o1902-13(1914). | |
| 999 |
_c307 _d307 |
||